[Event "Elista (m/1) 73/249"]
[Site "?"]
[Date "1998.??.??"]
[Round "?"]
[White "Ivanchuk, Vassily"]
[Black "Khalifman, Alexander"]
[Result "1-0"]
[WhiteElo "2740"]
[BlackElo "2660"]
[PlyCount "127"]
[EventDate "1998.??.??"]
[Source "ChessBase"]
[SourceDate "1998.06.01"]

1. e4 c5 2. Nf3 d6 3. d4 cxd4 4. Nxd4 Nf6 5. Nc3 Nc6 6. f3 e5 7. Nb3 Be7 8. Be3 O-O 9. Qd2 a5 10. Bb5 Na7 11. Bd3 Nc6 12. Bb5 Na7 13. Bd3 Nc6 14. a3 Be6 15. Rd1 h6 16. O-O Nd7 17. Bb5 Qc7 18. Kh1 Nb6 19. Qe2 Rfd8 20. Qf2 Nd7 21. Ba4 Bc4 22. Nd5 Bxd5 23. Rxd5 Bg5 24. Bxg5 hxg5 25. Rb5 Ra6 26. Rd5 Raa8 27. Qe2 Nf8 28. c3 Ne6 29. Rfd1 Na7 30. g3 Nc8 31. R5d2 Nb6 32. Bb5 g6 33. Kg2 Kg7 34. Qe3 Nc4 35. Bxc4 Qxc4 36. Nc1 Qc6 37. Nd3 Kf8 38. h4 gxh4 39. Qh6+ Ke7 40. Qxh4+ g5 41. Qg4 Rh8 42. Nf2 Rag8 43. Rxd6 Qxd6 44. Rxd6 Kxd6 45. Qf5 f6 46. Qxf6 Rf8 47. Qg6 Rfg8 48. Qf7 Rg7 49. Qf6 Rf8 50. Qh6 Rgf7 51. Qh5 a4 52. Nd3 b5 53. Kf2 Nc5 54. Nxe5 Nxe4+ 55. Ke3 Kxe5 56. fxe4 Rg7 57. Qd1 Kf6 58. Qf1+ Ke7 59. Qxb5 g4 60. Qb4+ Kf7 61. Qxa4 Kg8 62. Qb5 Kh7 63. Qh5+ Kg8 64. Qe5 1-0

[Event "Sarajevo 81/174"]
[Site "?"]
[Date "2001.??.??"]
[Round "?"]
[White "Movsesian, S."]
[Black "Smirin, I."]
[Result "0-1"]
[WhiteElo "2661"]
[BlackElo "2686"]
[PlyCount "98"]
[EventDate "2001.??.??"]
[Source "Chess Informant"]
[SourceDate "2001.02.01"]

1. e4 c5 2. Nf3 d6 3. d4 cxd4 4. Nxd4 Nf6 5. Nc3 Nc6 6. f3 e5 7. Nb3 Be7 8. Be3 O-O 9. Qd2 a5 10. Bb5 Na7 11. Bd3 Nc6 12. Bb5 Na7 13. Bd3 Nc6 14. Rd1 a4 15. Nc1 a3 16. b3 Nb4 17. O-O Be6 18. Qf2 Qc8 19. Na4 Rxa4 20. bxa4 d5 21. Qg3 dxe4 22. Bxe4 Nxe4 23. fxe4 f6 24. Rf2 Kh8 25. a5 Qc4 26. c3 Qxc3 27. Qf3 Rc8 28. h3 Qc6 29. Bb6 Qa4 30. Rfd2 h6 31. Kh2 Kh7 32. Bd8 Bf8 33. Bb6 Rc4 34. Re1 Nc2 35. Rf1 Bb4 36. Rdf2 Bxa5 37. Bxa5 Qxa5 38. Nd3 Nd4 39. Qh5 Qc7 40. Rb1 b5 41. Qe8 Rc2 42. Rff1 Bxa2 43. Ra1 Bc4 44. Rxa3 Bxd3 45. Rxd3 Rxg2+ 46. Kxg2 Qc2+ 47. Rf2 Qxd3 48. Rxf6 Qxe4+ 49. Kh2 Nf3+ 0-1

[Event "TCh-CRO"]
[Site "Rabac"]
[Date "2004.09.07"]
[Round "3"]
[White "Movsesian, Sergei"]
[Black "Smirin, Ilia"]
[Result "1/2-1/2"]
[WhiteElo "2646"]
[BlackElo "2671"]
[PlyCount "50"]
[EventDate "2004.06.21"]
[Source "Roberto Alvarez"]
[SourceDate "2004.09.21"]

1. e4 c5 2. Nf3 d6 3. d4 cxd4 4. Nxd4 Nf6 5. Nc3 Nc6 6. h3 g6 7. Bc4 Bd7 8. O-O Nxd4 9. Qxd4 Bg7 10. Bg5 O-O 11. Qe3 Qa5 12. Bb3 Bc6 13. Rfe1 Rfe8 14. Qg3 Rac8 15. Rad1 b5 16. Qh4 Qc7 17. Nd5 Bxd5 18. exd5 a5 19. a4 b4 20. Re2 Nd7 21. Rde1 Be5 22. Kh1 Nf6 23. Bc1 Nd7 24. Bg5 Nf6 25. Bc1 Nd7 1/2-1/2

[Event "EU-ch 2nd"]
[Site "Ohrid"]
[Date "2001.06.10"]
[Round "9"]
[White "Movsesian, Sergei"]
[Black "Avrukh, Boris"]
[Result "1-0"]
[WhiteElo "2661"]
[BlackElo "2600"]
[PlyCount "107"]
[EventDate "2001.06.01"]
[Source "ChessBase"]
[SourceDate "2001.09.13"]

1. e4 c5 2. Nf3 d6 3. d4 cxd4 4. Nxd4 Nf6 5. Nc3 Nc6 6. f3 e5 7. Nb3 Be7 8. Be3 O-O 9. Qd2 a5 10. Bb5 Na7 11. Bd3 Nc6 12. a3 a4 13. Nc1 Be6 14. N1e2 d5 15. exd5 Nxd5 16. Nxd5 Qxd5 17. Nc3 Qa5 18. Qf2 Nd4 19. O-O Rfd8 20. Kh1 Qb6 21. Rab1 f5 22. Rfd1 Bf6 23. f4 exf4 24. Qxf4 Qc6 25. Rd2 b5 26. Bf1 Qd6 27. Qxd6 Rxd6 28. Rbd1 Rad8 29. Bxd4 Rxd4 30. Rxd4 Rxd4 31. Rxd4 Bxd4 32. Bxb5 f4 33. Bxa4 Kf8 34. Bb3 Bf5 35. a4 Ke7 36. Nd5+ Kd6 37. c3 Ba7 38. Nxf4 Be3 39. Ne2 Bd3 40. Bd1 Bxe2 41. Bxe2 Bc1 42. b3 Bd2 43. c4 Kc5 44. Kg1 Be3+ 45. Kf1 Kb4 46. Bd1 Bf4 47. h3 Bc7 48. Ke2 Ba5 49. Kd3 Kc5 50. Ke4 Bc3 51. Bc2 h6 52. Bd1 Be1 53. Ke5 Bg3+ 54. Ke4 1-0

[Event "Kusadasi TUR"]
[Site "?"]
[Date "2006.04.09"]
[Round "6"]
[White "Naiditsch Arkadij"]
[Black "Nevednichy Vladislav"]
[Result "1/2-1/2"]
[WhiteElo "2657"]
[BlackElo "2581"]
[PlyCount "137"]
[EventDate "2006.??.??"]
[Source "www.chesslib.no"]
[SourceDate "2004.05.04"]

1. e4 c5 2. Nf3 d6 3. d4 cxd4 4. Nxd4 Nf6 5. Nc3 Nc6 6. f3 e5 7. Nb3 Be7 8. Be3 Be6 9. Qe2 O-O 10. O-O-O a6 11. Kb1 b5 12. g4 Na5 13. g5 Nh5 14. Nxa5 Qxa5 15. Nd5 Bxd5 16. Rxd5 g6 17. c4 Nf4 18. Bxf4 exf4 19. a3 Rfb8 20. cxb5 axb5 21. Rxb5 Qa4 22. Qc2 Rxb5 23. Qxa4 Rxb2+ 24. Kxb2 Rxa4 25. Bb5 Ra5 26. a4 Bxg5 27. Kb3 Ra7 28. Rd1 Be7 29. Rd5 Kf8 30. Kc4 h5 31. Bc6 g5 32. h3 f6 33. Rd1 Ra5 34. Bb5 Ra7 35. Kd5 Kf7 36. Rc1 Bd8 37. Kxd6 Ba5 38. Rc8 Bb4+ 39. Kc6 Bd2 40. Rd8 Be1 41. Rd1 Ba5 42. Bc4+ Ke7 43. Kb5 Bc3 44. Rd3 Be1 45. Ra3 Kd6 46. Rd3+ Ke7 47. Rd1 Bc3 48. Bd5 Ba5 49. Bc6 Bd8 50. Rd3 Ba5 51. Kc5 Be1 52. Rd1 Ba5 53. Rb1 Bc7 54. Kd5 Be5 55. Rc1 Bd6 56. Rc4 Be5 57. Rc5 Bd6 58. Rb5 Bc7 59. Rb1 Be5 60. Bb5 Bd6 61. Ra1 Be5 62. Ra2 Bc3 63. Rc2 Be1 64. Rc1 Bd2 65. Rc8 Kf7 66. Be8+ Ke7 67. Bc6 g4 68. hxg4 hxg4 69. fxg4 1/2-1/2

[Event "4th GM March"]
[Site "Taiyuan CHN"]
[Date "2007.07.12"]
[Round "7"]
[White "Zhang Pengxiang"]
[Black "Balogh, C."]
[Result "0-1"]
[WhiteElo "2649"]
[BlackElo "2567"]
[PlyCount "58"]
[EventDate "2007.07.04"]
[Source "www.chesslib.no"]
[SourceDate "2004.05.04"]

1. e4 c5 2. Nf3 d6 3. d4 cxd4 4. Nxd4 Nf6 5. Nc3 Nc6 6. f3 e6 7. Be3 Be7 8. Qd2 O-O 9. O-O-O d5 10. Qe1 e5 11. Nxc6 bxc6 12. exd5 cxd5 13. Bg5 Be6 14. Qxe5 Qa5 15. Bc4 Nd7 16. Qg3 Bxg5+ 17. Qxg5 h6 18. Rxd5 Qxc3 19. Qf4 Qb4 20. Rd4 Bxc4 21. Rxc4 Qa5 22. Ra4 Qb6 23. Rd1 Nc5 24. Rb4 Ne6 25. Qd2 Qa5 26. a3 Rfd8 27. Qe3 Rxd1+ 28. Kxd1 Qd5+ 29. Kc1 Qa2 0-1

[Event "Moscow RUS"]
[Site "?"]
[Date "2006.02.10"]
[Round "3"]
[White "Petrosian Tigran L"]
[Black "Timofeev Artyom"]
[Result "1-0"]
[WhiteElo "2558"]
[BlackElo "2653"]
[PlyCount "77"]
[EventDate "2006.??.??"]
[Source "www.chesslib.no"]
[SourceDate "2004.05.04"]

1. e4 c5 2. Nf3 d6 3. d4 cxd4 4. Nxd4 Nf6 5. Nc3 Nc6 6. f4 Bd7 7. Nf3 g6 8. Bd3 Bg7 9. O-O O-O 10. Kh1 Rc8 11. Qe1 Nb4 12. Qh4 Qa5 13. Bd2 Qh5 14. Qf2 a6 15. Rac1 Ng4 16. Qe1 Nxd3 17. cxd3 Bb5 18. Nxb5 Qxb5 19. Qh4 Rxc1 20. Rxc1 Nf6 21. e5 Nd5 22. d4 Qxb2 23. a4 b5 24. axb5 axb5 25. f5 dxe5 26. dxe5 Ra8 27. fxg6 hxg6 28. Qe1 b4 29. e6 Ra1 30. Rc8+ Bf8 31. exf7+ Kg7 32. Bc1 Qf6 33. Ng5 Nc3 34. h4 Qf5 35. Ne6+ Qxe6 36. Qxe6 Rxc1+ 37. Kh2 Rf1 38. Rxf8 Kxf8 39. Qc8+ 1-0

[Event "Sarajevo 81/173"]
[Site "?"]
[Date "2001.??.??"]
[Round "?"]
[White "Movsesian, S."]
[Black "Atalik, S."]
[Result "1-0"]
[WhiteElo "2661"]
[BlackElo "2537"]
[PlyCount "123"]
[EventDate "2001.??.??"]
[Source "Chess Informant"]
[SourceDate "2001.02.01"]

1. e4 c5 2. Nf3 d6 3. d4 cxd4 4. Nxd4 Nf6 5. Nc3 Nc6 6. f3 e5 7. Nb3 Be7 8. Be3 Be6 9. Nd5 Bxd5 10. exd5 Nb4 11. c4 a5 12. Qd2 b6 13. Be2 O-O 14. O-O Na6 15. Nc1 Nc5 16. Bd1 Nh5 17. Bc2 f5 18. Ne2 f4 19. Bf2 Bh4 20. g3 Be7 21. Kg2 g6 22. Nc3 Ng7 23. a3 Bg5 24. g4 Bh4 25. Bg1 h5 26. h3 a4 27. Bxc5 bxc5 28. Qd3 Rf6 29. Bxa4 e4 30. Qxe4 Ra7 31. Qe2 hxg4 32. hxg4 Nf5 33. gxf5 gxf5 34. Rh1 Re7 35. Qd2 Rg6+ 36. Kf1 Re3 37. Rh3 Qe7 38. Bc2 Qg7 39. Qh2 Bg3 40. Qh1 Qe5 41. Ne2 Rxe2 42. Rh8+ Kf7 43. Qh7+ Rg7 44. Qh5+ Rg6 45. Qh7+ Rg7 46. Qh5+ Rg6 47. Qxf5+ Qxf5 48. Bxf5 Rf2+ 49. Kg1 Rg5 50. Be6+ Kf6 51. Bg4 Rxb2 52. Rh6+ Rg6 53. Rxg6+ Kxg6 54. a4 Rb7 55. a5 Kf6 56. a6 Ra7 57. Bc8 Ke5 58. Rd1 Bh4 59. Bb7 Bf6 60. Kf2 Kf5 61. Ke2 Be5 62. Rg1 1-0

[Event "Wijk aan Zee II 86/227"]
[Site "?"]
[Date "2003.??.??"]
[Round "?"]
[White "Hector, J."]
[Black "Acs, P."]
[Result "0-1"]
[WhiteElo "2570"]
[BlackElo "2623"]
[PlyCount "90"]
[EventDate "2003.??.??"]
[Source "Chess Informant"]
[SourceDate "2002.10.01"]

1. e4 c5 2. Nf3 d6 3. d4 cxd4 4. Nxd4 Nf6 5. Nc3 Nc6 6. f4 e5 7. Nf3 exf4 8. Bxf4 Be7 9. Qd2 Be6 10. Ng5 Bg4 11. h3 Bh5 12. g4 Bg6 13. Qe2 d5 14. O-O-O d4 15. Nf3 O-O 16. Nxd4 Nxd4 17. Qc4 Rc8 18. Qxd4 Qa5 19. Bd3 Rfd8 20. Qe5 Bc5 21. Bd2 Re8 22. Qf4 Bd4 23. Rhe1 Re6 24. a3 Be5 25. Qf2 Rb6 26. Nb5 Qa4 27. Nc3 Qa5 28. Nb5 Bxb2+ 29. Kxb2 Rxb5+ 30. Ka2 Qa4 31. Bc1 Rb6 32. Bb2 Nxe4 33. Bxe4 Bxe4 34. Qc5 Qxc2 35. Qxc2 Bxc2 36. Rd7 Ba4 37. Rd4 Bb3+ 38. Ka1 h6 39. Re7 Re6 40. Rdd7 Rxe7 41. Rxe7 Bd5 42. h4 Rc4 43. Rd7 Be6 44. Rxb7 Rxg4 45. Bc3 a6 0-1

[Event "56th ch-RUS"]
[Site "Krasnoyarsk"]
[Date "2003.09.11"]
[Round "8"]
[White "Yakovich, Yuri"]
[Black "Alekseev, Evgeny"]
[Result "1/2-1/2"]
[WhiteElo "2573"]
[BlackElo "2613"]
[PlyCount "61"]
[EventDate "2003.09.03"]
[Source "Roberto Alvarez"]
[SourceDate "2003.09.15"]

1. e4 c5 2. Nf3 d6 3. d4 cxd4 4. Nxd4 Nf6 5. Nc3 Nc6 6. f4 e5 7. Nf3 Be7 8. Bc4 Qa5 9. Qe2 Be6 10. Bxe6 fxe6 11. O-O O-O 12. Kh1 exf4 13. Bxf4 Ng4 14. Bg3 Qa6 15. Qxa6 bxa6 16. Rae1 Rac8 17. Nd1 a5 18. Nf2 Nxf2+ 19. Bxf2 a4 20. c3 Rb8 21. Re2 Rb7 22. Rc1 Rfb8 23. Rcc2 Na5 24. Be3 Nc4 25. Bc1 Bf6 26. Ne1 Kf7 27. Nd3 a5 28. g3 Ke7 29. Kg2 Rb5 30. Rf2 Kd7 31. h4 1/2-1/2

[Event "otb"]
[Site "otb"]
[Date "2007.05.19"]
[Round "3"]
[White "Brkic Ante"]
[Black "Kozul Zdenko"]
[Result "1-0"]
[WhiteElo "2567"]
[BlackElo "2610"]
[PlyCount "83"]
[Source "www.chesslib.no"]
[SourceDate "2004.05.04"]

1. e4 c5 2. Nf3 d6 3. d4 cxd4 4. Nxd4 Nf6 5. Nc3 Nc6 6. f3 Qb6 7. Nb3 e6 8. Qe2 Qc7 9. g4 a6 10. Be3 b5 11. O-O-O Nd7 12. Qf2 Nce5 13. Kb1 b4 14. Na4 Rb8 15. Nd2 Be7 16. Rg1 g5 17. h4 h6 18. b3 Ng6 19. hxg5 hxg5 20. Nc4 Nge5 21. Nab6 Nxc4 22. Nxc4 Bb7 23. Qg3 Ne5 24. Bb6 Qc6 25. Nxe5 Qxb6 26. Nc4 Qc5 27. Nxd6+ Kf8 28. Bc4 Kg7 29. e5 Bc6 30. f4 Rbd8 31. f5 Bxd6 32. f6+ Kf8 33. exd6 Rh6 34. Rge1 Rxf6 35. Qh2 Rg6 36. Re5 Bd5 37. Qh8+ Rg8 38. Qh6+ Ke8 39. Rdxd5 Qg1+ 40. Kb2 Qxg4 41. Qf6 Rd7 42. Rxg5 1-0

[Event "Europa ch 2008"]
[Site "Plovdiv BUL"]
[Date "2008.04.27"]
[Round "7.10"]
[White "Kovacevic, Aleksandar"]
[Black "Lupulescu, Constantin"]
[Result "1/2-1/2"]
[WhiteElo "2616"]
[BlackElo "2558"]
[PlyCount "45"]
[EventDate "2008.04.21"]
[Source "www.chesslib.no"]
[SourceDate "2004.05.04"]

1. e4 c5 2. Nf3 d6 3. d4 cxd4 4. Nxd4 Nf6 5. Nc3 Nc6 6. f3 e6 7. Be3 Be7 8. Qd2 O-O 9. O-O-O d5 10. exd5 Nxd5 11. Nxd5 Qxd5 12. Nxc6 Qxc6 13. Bd3 Qc7 14. f4 b6 15. Bd4 Bd6 16. Rhf1 Bb7 17. Qe3 Rfe8 18. Qg3 g6 19. h4 Rac8 20. Rd2 e5 21. fxe5 Bxe5 22. Bxe5 Rxe5 23. Qf2 1/2-1/2

[Event "XXIV Open"]
[Site "Cappelle La Grande FRA"]
[Date "2008.02.23"]
[Round "9"]
[White "Kryvoruchko, Y."]
[Black "Arutinian, D."]
[Result "1/2-1/2"]
[WhiteElo "2597"]
[BlackElo "2576"]
[PlyCount "84"]
[EventDate "2008.02.16"]
[Source "www.chesslib.no"]
[SourceDate "2004.05.04"]

1. e4 c5 2. Nf3 d6 3. d4 cxd4 4. Nxd4 Nf6 5. Nc3 Nc6 6. f3 e5 7. Nb3 Be7 8. Be3 O-O 9. Qd2 a5 10. Bb5 Be6 11. Rd1 Na7 12. Bd3 Nc6 13. a3 a4 14. Nc1 Ra5 15. O-O d5 16. exd5 Nxd5 17. Nxd5 Rxd5 18. Ne2 Na5 19. Qc1 Rd7 20. Bb5 Rxd1 21. Rxd1 Qc8 22. Bxa4 Qc4 23. Nc3 Bxa3 24. Rd3 Bc5 25. b3 Bxe3+ 26. Qxe3 Qc7 27. h3 b6 28. Rd2 Nb7 29. Nb5 Qc5 30. Qxc5 Nxc5 31. Rd6 Bf5 32. Na3 Rb8 33. Bc6 Kf8 34. b4 Nb7 35. Rd5 Nd8 36. Bd7 Bxd7 37. Rxd7 Ke8 38. Rd5 f6 39. Nc4 Nf7 40. h4 Rc8 41. Nxb6 Rxc2 42. Ra5 Nd6 1/2-1/2

[Event "Open"]
[Site "Kavala GRE"]
[Date "2007.08.07"]
[Round "4"]
[White "Oleksienko, M."]
[Black "Gelashvili, T."]
[Result "1/2-1/2"]
[WhiteElo "2567"]
[BlackElo "2604"]
[PlyCount "177"]
[EventDate "2007.08.05"]
[Source "www.chesslib.no"]
[SourceDate "2004.05.04"]

1. e4 c5 2. Nf3 d6 3. d4 cxd4 4. Nxd4 Nf6 5. Nc3 Nc6 6. f3 e5 7. Nb3 Be7 8. Be3 O-O 9. Qd2 a5 10. Bb5 Be6 11. Rd1 Na7 12. Bd3 Nc6 13. a3 a4 14. Nc1 Ra5 15. Qf2 d5 16. exd5 Nxd5 17. Be4 Nd4 18. Bxd4 exd4 19. Nxd5 Bxd5 20. Bxd5 Rxd5 21. Nd3 Bg5 22. f4 Re8+ 23. Kd2 Bf6 24. Rhe1 Re3 25. Kc1 Qe8 26. Qd2 h6 27. g3 b5 28. Kb1 Rd7 29. Nb4 Rd8 30. Nd3 Qe4 31. Qb4 Qf5 32. Qc5 Qxc5 33. Nxc5 Rde8 34. Nd3 Bd8 35. Rxe3 dxe3 36. c3 g5 37. Kc2 Kg7 38. Re1 Bc7 39. Kd1 gxf4 40. gxf4 Kf6 41. Ke2 Kf5 42. Kf3 Bb6 43. Ne5 f6 44. Ng4 h5 45. Nxe3+ Bxe3 46. Rxe3 Rxe3+ 47. Kxe3 Kg4 48. Kd4 Kxf4 49. c4 bxc4 50. Kxc4 Ke3 51. b4 f5 52. b5 f4 53. b6 f3 54. b7 f2 55. b8=Q f1=Q+ 56. Kd5 Qf5+ 57. Kc6 Qe4+ 58. Kd7 h4 59. Qg8 Kf3 60. Kc7 Qc2+ 61. Kd7 Qd3+ 62. Kc6 Qb3 63. Qg5 Qc4+ 64. Kb6 Qf4 65. Qg6 Qe4 66. Qg7 Qd5 67. h3 Qf5 68. Ka6 Kf2 69. Kb6 Qxh3 70. Qb2+ Kg1 71. Qd4+ Kh1 72. Qe4+ Kh2 73. Ka5 Qg3 74. Qe2+ Kg1 75. Qd1+ Kg2 76. Qe2+ Qf2 77. Qe4+ Kg3 78. Qg6+ Kh2 79. Kxa4 Qf4+ 80. Kb5 h3 81. a4 Qg3 82. Qc2+ Kg1 83. Qd1+ Kg2 84. Qe2+ Qf2 85. Qg4+ Kh2 86. a5 Qf1+ 87. Ka4 Qd3 88. Kb4 Kh1 89. a6 1/2-1/2

[Event "Kharkov Rector Cup 5th"]
[Site "Kharkov"]
[Date "2003.03.24"]
[Round "5.2"]
[White "Kovchan, Alexander"]
[Black "Alekseev, Evgeny"]
[Result "0-1"]
[WhiteElo "2536"]
[BlackElo "2614"]
[PlyCount "122"]
[EventDate "2003.03.21"]
[Source "ChessBase"]
[SourceDate "2003.11.24"]

1. e4 c5 2. Nf3 d6 3. d4 cxd4 4. Nxd4 Nf6 5. Nc3 Nc6 6. f3 e5 7. Nb3 Be7 8. Be3 Be6 9. Nd5 Bxd5 10. exd5 Nb4 11. c4 a5 12. Nd2 O-O 13. Be2 Na6 14. a3 Nd7 15. Ne4 f5 16. Nc3 Bg5 17. Bf2 Nac5 18. b3 e4 19. O-O Qf6 20. Nb5 Qh6 21. Nc7 Rac8 22. Ne6 e3 23. Be1 Nxe6 24. dxe6 Qxe6 25. Bxa5 Bf6 26. Ra2 f4 27. Bd3 Nc5 28. Bb4 Kh8 29. Re2 Rfd8 30. Bxc5 dxc5 31. Qc2 g6 32. Be4 b6 33. Bd5 Qd6 34. Rd1 Rc7 35. Rd3 Bd4 36. Qd1 Qf6 37. a4 h5 38. Kh1 g5 39. Qf1 Rg7 40. Re1 Rd6 41. Qe2 Qe5 42. Red1 g4 43. Rf1 Rh6 44. Ba8 h4 45. fxg4 h3 46. g3 Rf6 47. Rdd1 fxg3 48. hxg3 Rgf7 49. g5 Qxg5 50. Rxf6 Rxf6 51. Rf1 Qxg3 52. Rxf6 Bxf6 53. Qh5+ Kg7 54. Bd5 Qg6 55. Qe2 Bd4 56. Bf3 Qg3 57. Bd5 Kh6 58. Bf3 Kg5 59. Qf1 Be5 60. Qe2 Qf2 61. Bh5 Qg2+ 0-1

[Event "Goodricke 13th op"]
[Site "Calcutta"]
[Date "2002.03.20"]
[Round "4"]
[White "Yegiazarian, Arsen"]
[Black "Kotsur, Pavel"]
[Result "1-0"]
[WhiteElo "2567"]
[BlackElo "2578"]
[PlyCount "65"]
[EventDate "2002.03.17"]
[Source "ChessBase"]
[SourceDate "2002.03.21"]

1. e4 c5 2. Nf3 d6 3. d4 cxd4 4. Nxd4 Nf6 5. Nc3 Nc6 6. f3 Nxd4 7. Qxd4 g6 8. e5 dxe5 9. Qxd8+ Kxd8 10. Bc4 e6 11. Bg5 Be7 12. O-O-O+ Nd7 13. Bh6 Rg8 14. f4 a6 15. fxe5 g5 16. Bd3 Ke8 17. Rhf1 b5 18. Bxh7 Rh8 19. Be4 Rb8 20. Bg7 Rxh2 21. Rh1 Rxh1 22. Rxh1 f5 23. exf6 Bxf6 24. Rh7 b4 25. Bg6+ Kd8 26. Ne4 Be7 27. Rh8+ Kc7 28. Re8 Bd8 29. Rxe6 Rb5 30. Nd6 Rb6 31. Ne8+ Kb8 32. Rxb6+ Bxb6 33. Nd6 1-0

[Event "tt"]
[Site "Belgium tt"]
[Date "1988.??.??"]
[Round "?"]
[White "Timman, Jan Hein"]
[Black "Piket, Jeroen"]
[Result "1-0"]
[WhiteElo "2675"]
[BlackElo "2470"]
[PlyCount "65"]
[EventDate "1988.??.??"]
[Source "www.chesslib.no"]
[SourceDate "2004.05.04"]

1. e4 c5 2. Nf3 d6 3. d4 cxd4 4. Nxd4 Nf6 5. Nc3 Nc6 6. Be3 e5 7. Nf3 h6 8. Bc4 Be7 9. h3 O-O 10. O-O Na5 11. Bb3 Be6 12. Qd3 Rc8 13. Rad1 Nc4 14. Bc1 Qa5 15. Nh4 Rfd8 16. Qg3 Kf8 17. Qf3 b5 18. Nf5 Rc7 19. Rfe1 b4 20. Ne2 d5 21. Nxe7 Kxe7 22. exd5 Rxd5 23. Qg3 g5 24. c3 Ne4 25. Qf3 Ncd2 26. Qe3 Nxb3 27. Rxd5 Qxd5 28. axb3 f5 29. c4 Qc5 30. Qf3 Rd7 31. Be3 Qc6 32. Ng3 Kf6 33. Nxe4+ 1-0

[Event "Mind Sports Games - Blitz Ind"]
[Site "Pechino CINA"]
[Date "2008.10.04"]
[Round "11"]
[White "Paragua, M."]
[Black "Balogh, C."]
[Result "1/2-1/2"]
[WhiteElo "2526"]
[BlackElo "2616"]
[PlyCount "78"]
[EventDate "2008.10.04"]
[Source "www.chesslib.no"]
[SourceDate "2004.05.04"]

1. e4 c5 2. Nf3 d6 3. d4 cxd4 4. Nxd4 Nf6 5. Nc3 Nc6 6. f3 e5 7. Nb3 Be7 8. Be3 Be6 9. Qd2 d5 10. exd5 Nxd5 11. Nxd5 Qxd5 12. Qxd5 Bxd5 13. O-O-O O-O-O 14. c3 f5 15. Bd3 g6 16. Rhe1 Bh4 17. Re2 Rhe8 18. Red2 Bf7 19. Bb5 Rxd2 20. Rxd2 a6 21. Bxa6 bxa6 22. Nc5 a5 23. Rd6 Bd5 24. Rd7 Re7 25. Rxe7 Bxe7 26. a4 Bc4 27. b4 axb4 28. cxb4 f4 29. Bd2 Bf1 30. g3 fxg3 31. hxg3 Be2 32. f4 exf4 33. Bxf4 g5 34. Be5 h5 35. Kd2 Bc4 36. a5 h4 37. gxh4 gxh4 38. a6 Bxc5 39. bxc5 Bxa6 1/2-1/2

[Event "JUG-Cup"]
[Site "Herceg Novi"]
[Date "2000.??.??"]
[Round "6"]
[White "Motylev, Alexander"]
[Black "Nevednichy, Vladislav"]
[Result "1/2-1/2"]
[WhiteElo "2552"]
[BlackElo "2589"]
[PlyCount "33"]
[EventDate "2000.??.??"]
[Source "www.chesslib.no"]
[SourceDate "2004.05.04"]

1. e4 c5 2. Nf3 d6 3. d4 cxd4 4. Nxd4 Nf6 5. Nc3 Nc6 6. f3 a6 7. Be3 d5 8. Nxd5 Nxd5 9. exd5 Qxd5 10. Qd2 Nxd4 11. Qxd4 Qxd4 12. Bxd4 Bf5 13. O-O-O h5 14. Be3 h4 15. h3 e6 16. Bd3 Rh5 17. Bxf5 1/2-1/2

[Event "Niksic"]
[Site "Niksic"]
[Date "2000.??.??"]
[Round "?"]
[White "Motylev, Alexander"]
[Black "Nevednichy, Vladislav"]
[Result "1-0"]
[WhiteElo "2552"]
[BlackElo "2589"]
[PlyCount "81"]
[EventDate "2000.??.??"]
[Source "www.chesslib.no"]
[SourceDate "2004.05.04"]

1. e4 c5 2. Nf3 d6 3. d4 cxd4 4. Nxd4 Nf6 5. Nc3 Nc6 6. f3 e5 7. Nb3 Be7 8. Be3 O-O 9. Qd2 Be6 10. Nd5 Bxd5 11. exd5 Nb8 12. Na5 Qc7 13. Be2 b6 14. Nc4 Nbd7 15. a4 Nh5 16. O-O a5 17. Na3 Nc5 18. Bb5 Qd8 19. Bc6 Rb8 20. Nc4 f5 21. Bxc5 bxc5 22. Qxa5 Qxa5 23. Nxa5 Rxb2 24. g3 Bg5 25. Nc4 Rxc2 26. Bb5 e4 27. fxe4 f4 28. Ra3 Bf6 29. e5 dxe5 30. Nd6 fxg3 31. hxg3 e4 32. Nxe4 Bd4+ 33. Kh1 Rd8 34. Bd3 Rb2 35. d6 Kh8 36. d7 Nf6 37. Nxf6 gxf6 38. Bb5 c4 39. Re1 Be5 40. Rc1 c3 41. Raxc3 1-0

[Event "otb"]
[Site "otb"]
[Date "2007.03.19"]
[Round "9"]
[White "Popov Ivan"]
[Black "Vitiugov Nikita"]
[Result "1/2-1/2"]
[WhiteElo "2531"]
[BlackElo "2604"]
[PlyCount "36"]
[Source "www.chesslib.no"]
[SourceDate "2004.05.04"]

1. e4 c5 2. Nf3 d6 3. d4 cxd4 4. Nxd4 Nf6 5. Nc3 Nc6 6. f4 Bd7 7. Nb3 g6 8. Be2 Bg7 9. Be3 Qc8 10. h3 a5 11. a4 O-O 12. O-O Nb4 13. Bf3 Be6 14. Rf2 Bc4 15. Nd2 Be6 16. Nb3 Bc4 17. Nd2 Be6 18. Nb3 Bc4 1/2-1/2

[Event "Luzern"]
[Site "Luzern"]
[Date "1989.??.??"]
[Round "?"]
[White "Chandler, M."]
[Black "Wang, Zili"]
[Result "1-0"]
[WhiteElo "2585"]
[BlackElo "2550"]
[PlyCount "131"]
[EventDate "1989.10.??"]
[Source "www.chesslib.no"]
[SourceDate "2004.05.04"]

1. e4 c5 2. Nf3 d6 3. d4 cxd4 4. Nxd4 Nf6 5. Nc3 Nc6 6. Be3 e5 7. Nf3 Be7 8. Bc4 O-O 9. O-O Na5 10. Be2 Be6 11. h3 Nc4 12. Bc1 Rc8 13. Ng5 Bd7 14. Qd3 h6 15. Nf3 Be6 16. b3 Nb6 17. Rd1 a6 18. Bb2 Qc7 19. a4 d5 20. exd5 Nbxd5 21. Nxd5 Bxd5 22. Bxe5 Qxc2 23. Qxc2 Rxc2 24. Nd4 Rcc8 25. Nf5 Rfe8 26. Nxg7 Kxg7 27. Rxd5 Kg8 28. Rd3 Bc5 29. Bxf6 Rxe2 30. Rf3 Rc6 31. Rd1 Bb6 32. Bh4 Re4 33. Bg3 Rd4 34. Rxd4 Bxd4 35. Rd3 Bf6 36. Rd6 Rxd6 37. Bxd6 Bd4 38. Kf1 Kg7 39. Ke2 Kg6 40. Bf4 h5 41. g4 hxg4 42. hxg4 Kf6 43. Be3 Bb2 44. Kd3 Ke5 45. Kc4 Ba3 46. b4 Bb2 47. Kc5 Ba3 48. Kc4 Bb2 49. f3 Ba1 50. Bh6 Kd6 51. Bf8+ Kc6 52. b5+ axb5+ 53. axb5+ Kb6 54. Bb4 Bb2 55. Bd2 Bg7 56. f4 Bf6 57. g5 Bg7 58. f5 Bb2 59. Bc3 Bc1 60. g6 fxg6 61. fxg6 Bh6 62. Be1 Bg7 63. Bc3 Bh6 64. g7 Bxg7 65. Bxg7 Ka5 66. Kc5 1-0

[Event "Athens Acropolis"]
[Site "Athens"]
[Date "2003.08.28"]
[Round "4"]
[White "Schmaltz, Roland"]
[Black "Atalik, Suat"]
[Result "1-0"]
[WhiteElo "2530"]
[BlackElo "2599"]
[PlyCount "71"]
[EventDate "2003.08.25"]
[Source "ChessBase"]
[SourceDate "2003.11.11"]

1. e4 c5 2. Nf3 d6 3. d4 cxd4 4. Nxd4 Nf6 5. Nc3 Nc6 6. f4 e5 7. Nf3 Be7 8. Bd3 O-O 9. O-O exf4 10. Kh1 Bg4 11. Bxf4 Bh5 12. Qd2 Bg6 13. Rae1 Qd7 14. Nd5 Bd8 15. Bg5 Ng4 16. Bb5 Re8 17. h3 Bxg5 18. Qxg5 Nge5 19. Nh4 Qd8 20. Qg3 Qa5 21. a4 a6 22. b4 Qd8 23. Bd3 a5 24. bxa5 Rxa5 25. Bb5 Rf8 26. Nf5 Na7 27. Nde7+ Kh8 28. Rd1 Nxb5 29. axb5 Qc7 30. Rxd6 Rxb5 31. Nd5 Rxd5 32. Rxd5 f6 33. Rfd1 h6 34. Qa3 Rb8 35. Qd6 Rc8 36. Rxe5 1-0

[Event "Open A"]
[Site "Zadar CRO"]
[Date "2007.12.22"]
[Round "9"]
[White "Brkic, A."]
[Black "Jankovic, A."]
[Result "0-1"]
[WhiteElo "2577"]
[BlackElo "2548"]
[PlyCount "130"]
[EventDate "2007.12.16"]
[Source "www.chesslib.no"]
[SourceDate "2004.05.04"]

1. e4 c5 2. Nf3 d6 3. d4 cxd4 4. Nxd4 Nf6 5. Nc3 Nc6 6. f3 e5 7. Nb3 Be7 8. Be3 O-O 9. Qd2 a5 10. Bb5 Na7 11. Bd3 Be6 12. Rd1 Nc8 13. O-O Nb6 14. Qf2 Nfd7 15. a4 Bg5 16. Bxg5 Qxg5 17. Bb5 Nc8 18. Bxd7 Bxd7 19. Nd2 Be6 20. Nb5 Qd8 21. b3 Bd7 22. c4 Bxb5 23. cxb5 Nb6 24. Nb1 f5 25. Qd2 d5 26. exd5 Qd6 27. Rfe1 Rac8 28. Qe3 Rfe8 29. Qd3 g6 30. Nd2 Qc5+ 31. Kh1 Rcd8 32. Nc4 Rxd5 33. Qc3 Rxd1 34. Rxd1 e4 35. fxe4 fxe4 36. Qe3 Nxa4 37. Qh6 Rf8 38. h4 Nc3 39. Re1 Nxb5 40. Rxe4 Nd4 41. Qe3 Qc7 42. Kg1 Nf5 43. Qb6 Qxb6+ 44. Nxb6 Rf6 45. Nc4 Nd6 46. Re5 Nxc4 47. bxc4 Ra6 48. Re7 a4 49. Rxb7 a3 50. Rb1 a2 51. Ra1 Kf7 52. Kf2 Ra3 53. Ke2 Ke6 54. Kd2 Rg3 55. Kc2 Rxg2+ 56. Kb3 h6 57. Rd1 Rd2 58. Rg1 g5 59. hxg5 hxg5 60. c5 Kd7 61. Kc4 Kc6 62. Rh1 g4 63. Rh6+ Kc7 64. Rh7+ Rd7 65. Rh1 g3 0-1